[Event "US-ch Women 2019"]
[Site "Saint Louis"]
[Date "2019.03.29"]
[Round "9.4"]
[White "Nguyen, Emily"]
[Black "Yip, Carissa"]
[Result "0-1"]
[WhiteElo "2143"]
[BlackElo "2279"]
[Annotator "TA"]
[PlyCount "86"]
[EventDate "2019.03.20"]
[EventType "swiss"]
[EventCountry "USA"]
[SourceTitle "playchess.com"]
[Source "ChessBase"]
[SourceQuality "1"]

{[%evp 23,86,0,17,-1,0,0,4,-8,-13,-18,-13,-12,-16,-14,-12,-9,0,0,0,-55,-49,-42,27,19,64,51,45,-667,-685,-678,-677,-668,-668,-628,-484,-469,-458,-502,-502,-488,-493,-472,-466,-555,-547,-489,-460,-464,-471,-576,-569,-552,-548,-764,-754,-829,-818,-845,-761,-1199,-1191,-2002,-1722,-1066,-982]} 1. d4 g6 2. Nf3 Nf6 3. c4 Bg7 4. g3 O-O 5. Bg2 d5 6. cxd5 Nxd5 7. O-O Nb6 8. Nc3 Nc6 9. e3 Re8 10. Nh4 {D76: Fianchetto Grünfeld: Main Line with 7...Nb6} (10. a3 e5 11. d5 Na5 12. Qc2 c6 13. b4 Nac4 14. dxc6 bxc6 15. Rd1 Bf5 16. e4 Bd7 17. Na4 Nxa4 18. Qxc4 {½-½ (50) Le,Q (2737)-Ivanchuk,V (2726) Huaian 2017}) 10... e5 11. d5 Ne7 12. e4 Bd7 {LiveBook: 8 Games} 13. Bg5 h6 $146 ({Predecessor:} 13... f6 14. Be3 c6 15. a4 cxd5 16. exd5 Nf5 17. Nxf5 Bxf5 {1-0 (51) Krejci,J (2570)-Petr,M (2485) Prague 2017}) 14. Be3 c6 15. Qb3 cxd5 16. exd5 g5 17. Nf3 Nf5 {[%cal Be7f5,Bf5d4,Bd4e2][%mdl 32]} 18. Bc5 Rc8 19. Ne4 Na4 20. Ba3 g4 21. Ne1 (21. Nfd2 $11) 21... Nd4 $36 {[%mdl 2048] Black is more active.} 22. Qd1 f5 (22... a5 $15) 23. Nd6 $1 $11 {[%csl LRb7,LRc8,LRe8]} e4 24. Nxc8 Qxc8 25. Rc1 $2 {[%mdl 8192] [#]} (25. Kh1 $14) 25... Qxc1 $1 $19 {[%mdl 512] Black is clearly winning.} 26. Qxc1 Ne2+ 27. Kh1 Nxc1 28. b3 Bb2 29. Nc2 Bb5 30. bxa4 Bxf1 31. Bxb2 Bxg2+ 32. Kxg2 {[%mdl 4096] Endgame KRN-KBN} Nd3 33. Bd4 Rc8 34. d6 Kf7 ({Avoid the trap} 34... Rxc2 $2 35. d7 $18) 35. d7 Rd8 36. Ne3 Ke6 37. Bxa7 Rxd7 38. a5 Rc7 39. Nf1 Rc2 40. Be3 h5 41. Kg1 Rxa2 42. Bd2 Ne5 43. Bc3 Nc4 {Precision: White = 40%, Black = 78%.} 0-1

[Event "US-ch Women 2019"]
[Site "Saint Louis"]
[Date "2019.03.29"]
[Round "9.5"]
[White "Krush, Irina"]
[Black "Sharevich, Anna"]
[Result "1/2-1/2"]
[WhiteElo "2451"]
[BlackElo "2282"]
[Annotator "TA"]
[PlyCount "117"]
[EventDate "2019.03.20"]
[EventType "swiss"]
[EventCountry "USA"]
[SourceTitle "playchess.com"]
[Source "ChessBase"]
[SourceQuality "1"]

{[%evp 17,117,23,22,22,47,18,30,25,53,58,62,67,88,66,63,54,81,81,97,87,97,93,83,75,84,88,95,81,82,75,79,81,86,82,76,76,93,85,106,84,93,76,93,93,89,88,99,41,45,39,29,8,8,8,8,8,19,1,8,0,2,8,25,14,17,8,8,0,2,0,0,0,0,0,0,0,0,0,0,0,0,0,0,0,0,0,0,0,0,0,8,8,8,8,8,8,8,8,8,8,8,8]} 1. d4 d5 2. c4 e6 3. Nc3 Be7 4. cxd5 exd5 5. Bf4 Nf6 6. e3 O-O 7. Bd3 c5 8. dxc5 Bxc5 9. Nge2 Nc6 10. O-O {D35: Queen's Gambit Declined: Exchange Variation} h6 11. Nb5 $146 ({Predecessor:} 11. Rc1 a6 12. Bg3 Bg4 13. h3 Be6 14. Nf4 Bd6 15. Bb1 Be5 16. Qd3 Qd6 17. Nh5 Rfd8 18. Nxf6+ gxf6 {1-0 (39) Navara,D (2734)-Kravtsiv,M (2621) Berlin 2015}) 11... Bg4 12. Rc1 {White has an edge.} Be7 13. h3 Be6 14. Ned4 Nxd4 15. Nxd4 Bd6 16. Qf3 a6 17. Rc2 Ne8 18. Rfc1 Qf6 19. Qg3 Bxf4 20. Qxf4 Qxf4 21. exf4 Bd7 22. Rc5 Nf6 23. Rc7 Rab8 24. g4 {Hoping for g5.} Rfd8 25. f3 Ne8 26. R7c5 b6 27. R5c3 ({But not} 27. Rxd5 $6 Be6 $11) 27... a5 28. Kf2 Nd6 29. b3 Nb7 30. a3 Nc5 31. f5 Rbc8 32. Ke3 (32. Bf1 $16) 32... Re8+ $14 33. Kd2 Kf8 34. b4 (34. Bb1 {is more complex.} Ke7 35. b4 axb4 36. axb4 Na6 37. Rxc8 Rxc8 38. Rxc8 Bxc8 39. Kc3) 34... axb4 35. axb4 Nxd3 36. Rxc8 Nxc1 37. Rxe8+ Kxe8 38. Kxc1 $11 {[%mdl 4096] Endgame KB-KN} Ke7 39. Kd2 Kd6 40. Ke3 Ke5 {The position is equal.} 41. f4+ Kd6 42. h4 Ke7 43. Ne2 h5 44. Nc3 d4+ $1 45. Kxd4 {[#] Black must now prevent Nd5+.} hxg4 46. Nd5+ Kd6 {aiming for ...g3.} 47. f6 g6 48. Nxb6 g3 {Threatens to win with ...g2.} 49. Ke3 Bc6 (49... g2 $5 50. Kf2 $8 Bc6 $16) 50. Nc4+ Ke6 51. Ne5 Bd5 52. b5 {[%cal Bb4b5,Bb5b6][%mdl 32]} Kxf6 53. b6 g2 54. Kf2 {Threatening Nc4!} Kf5 {[#]} 55. Nxf7 $1 {[%mdl 512]} Kxf4 (55... Bxf7 56. b7) 56. Nd6 {b7 is the strong threat.} Kg4 57. b7 Bxb7 58. Nxb7 Kxh4 59. Kxg2 {Accuracy: White = 72%, Black = 64%.} 1/2-1/2

[Event "US-ch Women 2019"]
[Site "Saint Louis"]
[Date "2019.03.29"]
[Round "9.6"]
[White "Foisor, Sabina-Francesca"]
[Black "Gorti, Akshita"]
[Result "1-0"]
[WhiteElo "2276"]
[BlackElo "2272"]
[Annotator "TA"]
[PlyCount "89"]
[EventDate "2019.03.20"]
[EventType "swiss"]
[EventCountry "USA"]
[SourceTitle "playchess.com"]
[Source "ChessBase"]
[SourceQuality "1"]

{[%evp 12,89,-4,-3,0,-9,0,-14,-21,-20,-16,-13,5,-13,-1,-12,8,4,16,6,8,8,16,15,25,20,28,15,18,14,22,18,42,16,54,23,66,58,54,57,69,68,104,104,94,91,106,116,119,114,120,103,102,74,82,68,108,95,103,101,175,182,288,297,332,314,395,399,402,335,396,408,374,357,375,329,785,791,1174,1140]} 1. d4 e6 2. Nf3 d5 3. Bf4 Nf6 4. e3 Bd6 5. Bg3 O-O 6. Bd3 b6 7. Nbd2 Bb7 {D02: 1 d4 d5 2 Nf3 sidelines, including 2...Nf6 3 g3 and 2...Nf6 3 Bf4} (7... Ba6 8. c4 c5 9. dxc5 bxc5 10. a3 h6 11. O-O Bxg3 12. hxg3 Nbd7 13. Qc2 Qe7 14. Rfe1 e5 15. e4 {½-½ (68) Korobov,A (2699)-L'Ami,E (2643) Wijk aan Zee 2019}) 8. Ne5 Ne4 9. f3 Nxd2 {The position is equal.} 10. Qxd2 f6 $146 ({Predecessor:} 10... c5 11. c3 Qc7 12. f4 Nd7 13. Nxd7 Qxd7 14. O-O c4 15. Bc2 {½-½ (24) Vivanco Revuelta,J (1734)-Rodriguez Gomez,V (1949) Benidorm 2014}) 11. Ng4 Qe7 12. Bxd6 (12. O-O-O {keeps more tension.} c5 13. dxc5 Bxc5 14. Kb1 a5 15. h4) 12... Qxd6 13. c4 Nd7 14. O-O f5 15. Nf2 c5 16. dxc5 bxc5 {[#] And now ...dxc4 would win.} 17. Be2 Nb6 18. Rfd1 Qe7 19. Rac1 Rac8 20. Qa5 Ba8 21. b3 Rfd8 22. Qc3 Qc7 23. Qb2 Qb8 24. cxd5 exd5 25. Nd3 Qd6 26. Qe5 c4 27. Qxd6 Rxd6 28. Ne5 {[%cal Re2c4]} cxb3 29. axb3 Re8 30. f4 Re7 31. Rc5 Kf8 32. Bb5 g6 33. Kf2 Kg7 34. g3 $36 {[%mdl 2048] White is in control.} Kf6 35. h3 g5 (35... Bb7 $16) 36. Nf3 $18 h6 (36... gxf4 $142 37. gxf4 (37. exf4 Rd8 $16) 37... Rd8) 37. Nd4 Bb7 38. Rdc1 Rd8 39. Bd3 gxf4 40. gxf4 Nc8 {Now ...Nd6 and Black clings on.} 41. Nxf5 {[%mdl 64] [#] Double Attack} Red7 42. Nxh6 Nd6 43. Ng4+ Kg7 $2 (43... Ke6 44. Ne5 Rg7) 44. Ne5 Re7 45. Rg1+ {Accuracy: White = 69%, Black = 41%.} 1-0

[Event "US-ch Women 2019"]
[Site "Saint Louis"]
[Date "2019.03.30"]
[Round "10.1"]
[White "Zatonskih, Anna"]
[Black "Yu, Jennifer"]
[Result "0-1"]
[WhiteElo "2430"]
[BlackElo "2273"]
[Annotator "TA"]
[PlyCount "66"]
[EventDate "2019.03.20"]
[EventType "swiss"]
[EventCountry "USA"]
[SourceTitle "playchess.com"]
[Source "ChessBase"]
[SourceQuality "1"]

{[%evp 23,66,17,35,46,43,36,43,46,37,29,44,-7,23,0,0,0,-10,-46,-44,-50,-54,-54,-28,-61,-64,-76,-30,-87,-60,-141,-48,-41,0,-140,-141,-154,-87,-668,-669,-29994,-29995,-29996,-29997,-29997,-29998]} 1. d4 d5 2. c4 c6 3. Nc3 Nf6 4. Nf3 dxc4 5. a4 Bf5 6. Ne5 Nbd7 7. Nxc4 Qc7 8. g3 e5 9. dxe5 Nxe5 10. Bf4 Nfd7 11. Bg2 f6 12. O-O Rd8 13. Qc1 {D17: Slav Defence: 5 a4 Bf5: Lines with 6 Nh4 and 6 Ne5} Be6 14. Ne4 Bb4 15. Rd1 {White is slightly better.} O-O {[#]} 16. Rd4 $146 {Threatens to win with Nxe5.} ({Predecessor:} 16. a5 a6 17. Rd4 Nc5 18. Nxc5 Bxc5 19. Nxe5 fxe5 20. Qxc5 exf4 21. Rxf4 Rxf4 22. gxf4 {½-½ (31) Shankland,S (2633)-Alonso,S (2505) Praia da Pipa 2014}) 16... a5 17. h4 (17. Qc2 $14) 17... Nc5 (17... Kh8 {feels hotter.} 18. e3 Nb6 19. Bxe5 fxe5 20. Rxd8 Rxd8 21. Nxb6 Qxb6 22. Qc2 h6) 18. Rxd8 (18. Nxe5 {is more complex.} Nb3 19. Nxc6 Qxc6 20. Qxc6 bxc6 21. Rxd8 Rxd8 22. Rb1) 18... Qxd8 19. Nxc5 Bxc5 20. Nxe5 Bxf2+ 21. Kh2 fxe5 22. Bxe5 Bd4 23. Bf4 Qb6 24. Qc2 Bb3 ({But not} 24... Qxb2 $6 25. Qxb2 Bxb2 26. Rb1 $11) 25. Qc1 (25. Qd3 $11 {remains equal.}) 25... Qb4 26. Bd2 (26. Bf3 $15) 26... Qd6 ({Better is} 26... Qe7 $17 {Hoping for ...Rf2.} 27. Ra3 Rf2 28. Rxb3 Qxe2) 27. Bf4 $15 Qb4 (27... Qc5 $15) 28. Bd2 $1 $17 {[%cal Rd2b4]} Qe7 $36 {[%mdl 2048] Black is in control.} 29. Bc3 Be3 (29... Bc5 $142 {...Rf2 is the strong threat.} 30. Qg5 Qxg5 31. hxg5 Rf2) 30. Qe1 $2 {[%mdl 8192]} (30. Bd2 $17 Bd4 31. Ra3) 30... Bf2 $19 31. Qd2 {[#]} Bxg3+ $1 {[%mdl 512] Black mates.} 32. Kxg3 Qc7+ 33. Kg4 Be6+ {Accuracy: White = 44%, Black = 37%.} 0-1

[Event "US-ch Women 2019"]
[Site "Saint Louis"]
[Date "2019.03.30"]
[Round "10.2"]
[White "Abrahamyan, Tatev"]
[Black "Foisor, Sabina-Francesca"]
[Result "1-0"]
[WhiteElo "2377"]
[BlackElo "2276"]
[Annotator "TA"]
[PlyCount "115"]
[EventDate "2019.03.20"]
[EventType "swiss"]
[EventCountry "USA"]
[SourceTitle "playchess.com"]
[Source "ChessBase"]
[SourceQuality "1"]

{[%evp 18,115,19,19,20,15,33,0,16,0,0,0,8,8,16,6,19,14,29,13,39,31,45,43,34,40,62,39,131,83,101,101,137,145,138,137,134,127,189,122,112,96,96,97,97,95,196,196,196,191,189,189,466,383,390,401,401,401,390,390,383,383,404,320,440,433,413,408,394,385,489,432,580,512,1353,1306,1298,1240,1221,1139,1036,968,4134,3508,2483,2510,29973,29974,29977,29978,29980,29981,29981,29978,29978,29979,29978,29978,29982,29983]} 1. e4 e5 2. Nf3 Nc6 3. Bb5 Nf6 4. O-O Nxe4 5. Re1 Nd6 6. Nxe5 Be7 7. Bf1 Nxe5 8. Rxe5 O-O 9. d4 Bf6 10. Re1 Nf5 {C67: Ruy Lopez: Berlin Defence: 4 0-0 Nxe4} (10... Re8 11. c3 Rxe1 12. Qxe1 Nf5 13. Bf4 d6 14. Nd2 Be6 15. Ne4 Be7 16. Qd2 c6 17. Bd3 Qd7 18. Ng5 Bxg5 19. Bxg5 h6 20. Bf4 g5 21. Bxf5 Bxf5 22. Bg3 d5 23. Re1 {½-½ (23) Nepomniachtchi,I (2763)-Radjabov,T (2757) Wijk aan Zee 2019}) 11. d5 d6 12. c4 c5 {The position is equal.} 13. dxc6 bxc6 14. Nd2 $146 {[%cal Bb1d2,Bd2f3,Bf3g5][%mdl 32]} ({Predecessor:} 14. Nc3 Rb8 15. Qd2 Be6 16. Bd3 Be5 17. b3 Re8 18. Bb2 {1-0 (41) Kopasz,R-Weldon,C (2305) Szeged 1993}) 14... d5 15. cxd5 cxd5 16. Nf3 Rb8 17. Rb1 Be6 18. Bd3 Qd6 19. b3 Rfd8 20. Bg5 Bxg5 21. Nxg5 {Hoping for Qh5.} Bd7 22. Rc1 (22. Qh5 {is interesting.} Qg6 23. Qxg6 hxg6 24. Nf3 f6 25. Rbc1) 22... Qh6 (22... h6 $14 23. Nf3 Rdc8) 23. Nf3 Rbc8 24. Rxc8 Rxc8 25. Bxf5 Bxf5 26. Qxd5 g6 27. h3 $40 {[%mdl 128] White wants a kill.} Qf4 (27... Qf8 $16 {is a better defense.} 28. Nd4 Rc5) 28. Qd4 (28. g4 $1 $18 {[%cal Rg4f5]} Bc2 29. Qd7) 28... Qc7 29. Qf6 Qb6 30. Qh4 h5 31. Qf4 Rd8 {[#]} (31... Qa5 $16) 32. g4 $1 $18 {[%cal Rg4f5]} hxg4 33. hxg4 Be6 {[#]} 34. Ng5 $1 {And now Rxe6! would win.} Qd6 $2 (34... Rd4 {might work better.} 35. Re4 Rxe4 36. Qxe4 (36. Nxe4 Qd8 $16) 36... Bd7) 35. Nxe6 fxe6 {[%mdl 4096] Endgame KQR-KQR} 36. Qf6 e5 37. Qxd6 Rxd6 38. Rxe5 {KR-KR} Ra6 39. Re2 Kf7 40. Kg2 Kf6 41. f4 Rc6 42. Kf3 Rc3+ 43. Ke4 g5 44. Kd4 Rg3 45. fxg5+ Kf7 (45... Kg6 $142 46. Re6+ Kf7 47. Rf6+ Kg8) 46. Re4 Rg2 47. a4 Rc2 48. Kd5 Kg6 49. b4 {[%cal Bb3b4,Bb4b5][%mdl 32]} Kf7 50. Rc4 Rd2+ 51. Kc6 Ke8 52. Kb7 {White mates.} Rd7+ 53. Kb8 a5 54. b5 Rd6 55. Kc7 Rd7+ 56. Kb6 Rd5 57. Kxa5 Rxg5 58. Ka6 {Accuracy: White = 85%, Black = 31%.} 1-0

[Event "US-ch Women 2019"]
[Site "Saint Louis"]
[Date "2019.03.30"]
[Round "10.3"]
[White "Yip, Carissa"]
[Black "Wang, Annie"]
[Result "0-1"]
[WhiteElo "2279"]
[BlackElo "2304"]
[Annotator "TA"]
[PlyCount "56"]
[EventDate "2019.03.20"]
[EventType "swiss"]
[EventCountry "USA"]
[SourceTitle "playchess.com"]
[Source "ChessBase"]
[SourceQuality "1"]

{[%evp 24,56,28,0,34,35,48,26,50,-49,-51,-77,-55,-46,-42,-375,-367,-364,-381,-360,-381,-368,-370,-329,-352,-470,-461,-1106,-1108,-1445,-1456,-1545,-1405,-1431,-1200]} 1. e4 c5 2. Nf3 d6 3. d4 cxd4 4. Nxd4 Nf6 5. Nc3 Nc6 6. Bg5 e6 7. Qd2 a6 8. O-O-O Bd7 9. f4 Be7 10. Nf3 b5 11. Bxf6 gxf6 12. Bd3 Qb6 13. Kb1 O-O-O {B69: Sicilian: Richter-Rauzer: 7...a6 8 0-0-0 Bd7 9 f4 Be7 10 Nf3 b5 11 Bxf6} (13... b4 $5 {[%cal Rb4c3]} 14. Na4 Qa7 $11) 14. Rhe1 Kb8 (14... Rhe8 15. f5 Rg8 16. Bf1 Ne5 17. Nd4 Kb8 18. Qh6 Bc8 19. g3 Rde8 20. Bh3 Bd8 21. Nce2 {1-0 (32) Shirov,A (2643)-Jumabayev,R (2602) St Petersburg 2018}) 15. Bf1 Na5 $146 {White has an edge.} ({Predecessor:} 15... Rc8 16. Ne2 Na5 17. Ned4 Nc4 18. Bxc4 bxc4 19. Qe3 Rc5 20. e5 fxe5 21. fxe5 {½-½ (41) Chigaev,M (2520)-Lobanov,S (2271) St Petersburg 2014}) 16. e5 ({Better is} 16. f5 $14) 16... dxe5 $15 17. fxe5 f5 18. Qf4 Bc6 19. g4 $2 {[%mdl 8192] [#]} (19. Ng5 $15) 19... Qf2 $19 20. Be2 b4 {[%cal Bb5b4,Bb4b3,Bb3c2][%mdl 32]} 21. Rxd8+ Rxd8 22. Rf1 Qc5 23. Nd1 {[#]} Be4 $1 24. Ne3 b3 {Black is clearly winning.} 25. gxf5 (25. axb3 $142 Nxb3 26. Nc4) 25... Qb4 {And now ...Bxc2+ would win.} 26. Ne1 Qa4 ({Not} 26... bxc2+ 27. N1xc2 exf5 28. Ka1 $17) 27. Bd3 Qxa2+ 28. Kc1 bxc2 {Accuracy: White = 36%, Black = 72%.} 0-1

[Event "US-ch Women 2019"]
[Site "Saint Louis"]
[Date "2019.03.30"]
[Round "10.4"]
[White "Feng, Maggie"]
[Black "Gorti, Akshita"]
[Result "0-1"]
[WhiteElo "2199"]
[BlackElo "2272"]
[Annotator "TA"]
[PlyCount "120"]
[EventDate "2019.03.20"]
[EventType "swiss"]
[EventCountry "USA"]
[SourceTitle "playchess.com"]
[Source "ChessBase"]
[SourceQuality "1"]

{[%evp 16,120,38,26,33,8,18,14,18,0,0,-4,10,-2,7,-19,0,10,39,40,72,70,80,67,58,61,51,39,46,55,139,0,0,0,0,8,10,0,0,-2,0,-1,0,0,0,0,0,0,2,0,0,0,0,0,0,-20,-26,-26,-20,-21,0,0,0,-8,-11,-62,-53,-90,-104,-107,-107,-107,-107,-124,-60,-60,-60,-410,-243,-773,-773,-784,-701,-29968,-29971,-29968,-29970,-29965,-29969,-29975,-29975,-29973,-29971,-29976,-29977,-29980,-29981,-29981,-29982,0,0,-29984,-29985,-29986,-29987,-29987,-405]} 1. Nf3 Nf6 2. g3 d5 3. Bg2 e6 4. O-O Be7 5. c4 O-O 6. d4 Nbd7 7. Qc2 c6 8. b3 Ne4 9. Rd1 (9. Bb2 {is interesting.} b5 10. c5 a5 11. a3 Qc7 12. Nc3) 9... a5 {E08: Closed Catalan: Main Line: 7 Qc2} (9... f5 10. Ba3 Bxa3 11. Nxa3 Qe7 12. Qb2 g5 13. Nc2 g4 14. Ne5 Nxe5 15. dxe5 Bd7 16. f3 gxf3 17. exf3 Ng5 18. f4 Ne4 19. cxd5 exd5 {½-½ (37) Govciyan,P (2417)-Chernuschevich,A (2533) France 2007}) 10. Ba3 Bxa3 11. Nxa3 f5 $146 {The position is equal.} ({Predecessor:} 11... Qe7 12. Qb2 b6 13. Nc2 Ba6 14. Nce1 Qb4 15. Nd3 Qd6 16. Rac1 f6 17. Nd2 {0-1 (36) Marinangeli,M (2119)-Bulo,P (2114) Buenos Aires 2003}) 12. Qb2 f4 13. Rf1 Qe8 14. Nd2 Qg6 15. Nab1 Ndf6 {[%cal Rf4g3]} 16. Nc3 fxg3 17. fxg3 {Black must now prevent Ndxe4.} Nd6 18. e4 dxe4 19. Rae1 {[%cal Rd2e4]} e3 $1 {[%cal Re3d2]} 20. Rxe3 Nf5 21. Rd3 Ng4 22. Nde4 Bd7 {[#]} ({Black should try} 22... Qh6 $14 23. h3 Nge3) 23. Qe2 (23. Qd2 $1 $16) 23... e5 $1 $11 {[%cal Re5d4]} 24. dxe5 Nxe5 25. Rdd1 Rae8 26. Qd2 Bc8 27. Nd6 Nxd6 28. Rxf8+ Rxf8 29. Qxd6 Qh5 {aiming for ...Nf3+.} 30. Rf1 Rxf1+ 31. Kxf1 Qf5+ 32. Kg1 Qg5 {...Qe3+ is the strong threat.} 33. Nd1 Bd7 34. Qd4 (34. Be4 {looks sharper.} h5 35. Kf2 Bf5 36. Qb8+ Kf7 37. Qc7+) 34... h5 (34... Bg4 {keeps more tension.} 35. Ne3 Bh3 36. Kh1 Bxg2+ 37. Kxg2 Qh5) 35. Qe3 (35. Qc3 {with more complications.} Ng4 36. Qd4 Qe7 37. Be4 Qb4 38. Nc3) 35... Qxe3+ 36. Nxe3 {[%mdl 4096] Endgame KBN-KBN} Kf7 37. Be4 Kf6 38. Kf2 g5 39. Ke2 h4 40. gxh4 ({Better is} 40. Kd2 $11) 40... gxh4 $15 41. Kf2 Kg5 42. Bc2 Ng4+ 43. Nxg4 Kxg4 $17 {KB-KB} 44. Bd1+ Kf4 (44... Kh3 $17 45. Kg1 b6) 45. Bc2 $1 $15 b5 {[%cal Bb7b5,Bb5b4][%mdl 32]} 46. Bd3 $2 {[%mdl 8192]} ({White must play} 46. cxb5 $1 $15 cxb5 47. Bg6) 46... b4 $19 47. Ke2 $2 (47. Bb1) 47... c5 48. Kf2 a4 49. Bb1 axb3 50. axb3 Bg4 51. Bc2 Bf3 52. Ke1 Ke3 53. Bf5 Be4 54. Bxe4 Kxe4 {K3P-K3P} 55. Ke2 Kd4 56. Kd2 h3 57. Kc2 Ke3 58. Kb2 $2 {[%mdl 8192] [#]} (58. Kc1 $11 Kd3 59. Kd1) 58... Kd3 {Black mates.} 59. Ka2 Kc2 60. Ka1 Kxb3 {Accuracy: White = 33%, Black = 71%.} 0-1

[Event "US-ch Women 2019"]
[Site "Saint Louis"]
[Date "2019.03.30"]
[Round "10.5"]
[White "Eswaran, Ashritha"]
[Black "Krush, Irina"]
[Result "1/2-1/2"]
[WhiteElo "2234"]
[BlackElo "2451"]
[Annotator "TA"]
[PlyCount "89"]
[EventDate "2019.03.20"]
[EventType "swiss"]
[EventCountry "USA"]
[SourceTitle "playchess.com"]
[Source "ChessBase"]
[SourceQuality "1"]

{[%evp 27,89,40,40,40,44,41,50,37,51,52,57,40,73,20,39,19,47,45,61,52,56,46,73,0,91,49,75,49,56,25,62,36,38,40,46,44,65,48,48,0,50,0,49,0,58,35,33,0,62,0,42,44,72,77,109,95,101,0,88,0,95,0,83,0]} 1. e4 c5 2. Nf3 Nc6 3. d4 cxd4 4. Nxd4 g6 5. c4 Bg7 6. Be3 Nf6 7. Nc3 d6 8. Be2 O-O 9. O-O Bd7 10. Rc1 Nxd4 11. Bxd4 Bc6 12. f3 a5 13. Qd2 Nd7 14. Be3 Nc5 15. Rfd1 {B38: Sicilian: Maroczy Bind with 5...Bg7 and 7...0-0} (15. Rc2 Qb6 16. Rb1 Rfc8 17. Kh1 Qd8 18. Bf1 h5 19. Rd1 Qf8 20. Qe1 Na4 21. Nxa4 Bxa4 22. b3 Bd7 {½-½ (56) Rizouk,A (2511)-Guerra Mendez,J (2533) Barcelona 2016}) 15... a4 16. Rc2 Be5 17. Bf1 {White is slightly better.} b6 $146 ({Predecessor:} 17... Qa5 18. Nd5 Bxd5 19. cxd5 Qxd2 20. Rdxd2 Rfc8 21. g3 b6 {1-0 (56) Manjunath,J (1986)-Audipudy,S (1610) Bengaluru 2018}) 18. Nd5 Ra7 19. Nb4 Bd7 20. Nd3 ({White should try} 20. g4 $16) 20... Bg7 21. Qf2 Qb8 22. Nb4 Re8 23. Kh1 h5 24. Rd5 Qc7 25. Rd1 (25. Kg1 $16) 25... Rb8 (25... Qb8 $1 $11 {keeps the balance.}) 26. Nd5 Qd8 27. Qh4 Bc6 28. Bg5 Rbb7 29. Nc3 Qf8 30. Be3 Be5 31. Nd5 Qg7 32. Qf2 Qf8 33. Qh4 Bg7 34. Nc3 Be8 35. Nd5 Bh6 (35... Bc6 $11) 36. Bd4 Bg7 37. Be3 Be5 (37... Bh6 $11) 38. Nc3 (38. f4 $14 Bg7 39. f5) 38... e6 39. Qf2 f5 40. exf5 gxf5 41. Bd4 Bf4 42. Be3 Be5 $1 43. Bd4 Bf4 $1 44. Be3 Be5 $1 45. Bd4 {Accuracy: White = 35%, Black = 39%.} (45. Qh4 $16) 1/2-1/2

[Event "US-ch Women 2019"]
[Site "Saint Louis"]
[Date "2019.03.30"]
[Round "10.6"]
[White "Sharevich, Anna"]
[Black "Nguyen, Emily"]
[Result "1-0"]
[WhiteElo "2282"]
[BlackElo "2143"]
[Annotator "TA"]
[PlyCount "83"]
[EventDate "2019.03.20"]
[EventType "swiss"]
[EventCountry "USA"]
[SourceTitle "playchess.com"]
[Source "ChessBase"]
[SourceQuality "1"]

{[%evp 11,83,-2,0,0,5,0,-2,-29,0,0,0,0,0,0,0,0,0,0,0,0,8,1,12,25,16,0,30,18,95,65,76,14,15,8,7,0,151,147,188,202,202,97,116,120,218,85,239,89,75,84,72,41,33,33,148,25,27,21,30,0,0,0,165,150,772,771,763,750,750,733,29970,29971,5459,5451]} 1. d4 d5 2. c4 c6 3. Nf3 Nf6 4. Nc3 e6 5. g3 dxc4 6. Bg2 b5 7. O-O {E04: Open Catalan: 5 Nf3} a6 (7... Bb7 8. e4 Be7 9. e5 Nd5 10. a4 a6 11. Ne4 Nd7 12. Bg5 O-O 13. h4 h6 14. Bxe7 Qxe7 15. Nd6 Rab8 {0-1 (32) Andreikin,D (2725)-Andriasian,Z (2604) chess.com INT 2019}) 8. Ne5 Bb7 9. a4 {The position is equal.} (9. b3 {is interesting.} b4 10. Na4 c3 11. Qc2 Nbd7 12. Rd1) 9... Be7 (9... Qc8 {keeps more tension.} 10. Bg5 Nbd7 11. Bxf6 Nxf6 12. e3 Bd6) 10. axb5 axb5 11. Rxa8 Bxa8 12. Nxb5 cxb5 13. Bxa8 O-O 14. Bg2 Nd5 15. Bd2 Qb6 $146 16. e3 f6 17. Nf3 Nc6 18. e4 Ndb4 19. Be3 Rd8 (19... Qc7 $11 {remains equal.}) 20. Qe2 {aiming for d5.} Na5 21. d5 ({White should try} 21. Bh3 $1 $16) 21... Bc5 $1 $11 22. Bxc5 Qxc5 23. dxe6 {White wants to play e5.} Nd3 $2 (23... Nac6 $11) 24. e5 $1 $16 {[%cal Re5f6]} fxe5 25. Ng5 Qe7 26. Nf7 (26. Qg4 $18 {is more deadly.}) 26... Re8 27. Be4 (27. Nxe5 Qxe6 28. f4 Nc6 $11) 27... h6 {[#]} (27... g6 $16 {was worth a try.}) 28. Bf5 (28. Bxd3 cxd3 29. Qxd3 Qxe6 $14) (28. Qh5 $1 $18 {Hoping for Nd6!} Qxe6 29. f4) 28... Nc6 $2 {[#]} (28... Nb3 $16 29. Qg4 (29. Nxe5 $2 Nd4 $19) (29. Bxd3 Qxe6 30. Nxh6+ Qxh6 $14) 29... Kf8) 29. Qg4 (29. Qe4 $1 $18 {[%cal Re4c6] is the precise move to win.} Qc7 30. Bh7+ Kf8 31. Qf5) 29... Qf6 30. Nd6 $40 {[%mdl 128] White has strong attack.} Rf8 31. Qg6 (31. Qe4 $5 {[%cal Re4c6]} Ne7 32. Bg4 $14 (32. Bh7+ Kh8 $11)) 31... Qxg6 32. Bxg6 Nxb2 (32... Rd8 $14 33. Nxb5 Kf8) 33. Nxb5 (33. Rb1 $16 Rd8 34. Nf5 (34. Nxb5 Rd1+ 35. Rxd1 Nxd1 $16)) 33... Rb8 34. Nc3 Kf8 35. f4 Ke7 36. Be4 Nd4 $2 (36... Rb3 $1 $11 {and Black is okay.}) 37. f5 $18 {Ra1 is the strong threat.} Nb3 $2 (37... Nd3 $16) 38. Nd5+ Kd6 39. f6 gxf6 40. Rxf6 {And now e7+ would win.} c3 41. e7+ Kc5 42. Rf8 {Accuracy: White = 41%, Black = 31%.} 1-0